Country by Flag Map #4 - Statistics

General Stats
  • This quiz has been taken 26 times
  • The average score is 14 of 16
Answer Stats
Picture Answer % Correct
Algeria
100%
Armenia
95%
Latvia
95%
Vietnam
95%
India
90%
Kazakhstan
90%
North Macedonia
90%
Peru
90%
Ukraine
90%
Azerbaijan
85%
Ireland
85%
Lithuania
85%
Jamaica
80%
Saint Lucia
75%
Vatican City
75%
Antigua & Barbuda
70%
No matching quizzes found
Score Distribution
Percent of People with Each Score
Percentile by Number Answered
Your Score History
You have not taken this quiz